000 00469nam a22001817a 4500
003 CEME
005 20210628203321.0
008 210122b xxu||||| |||| 00| 0 eng d
020 _a99933-943-0-0
040 _c.
082 _a954.96 PAN
100 _aPant, Shastra Dutta. Dr
_964676
245 _aContinuous interference
260 _aISLAMABAD
_bNATIONAL
_c2006
300 _a298 P
650 _aINDIAN CONTINUOUS INTERFERENCE IN NEPAL
_964677
942 _cBK
_2ddc
999 _c573101
_d573101